000
00433nam a2200145Ia 4500
008
100122s9999 xx 000 0 und d
082
_b
46753
_a
823.08
100
_a
बनहट्टी राजेंद्र
245
_a
युध्दपर्व
260
_b
सन पब्लिकेशन
_c
1992
300
_a
211
630
_a
युध्दपर्व
730
_a
युध्दपर्व
942
_c
BOOK
999
_c
425802
_d
425799